• 首页
  • 本馆介绍
  • 公告通知
  • 最新文献
  • 馆藏检索
  • 电子资源
  • 读者导购
  • 参考咨询
  • 我的图书馆
  • 登录
  • 详细信息显示
  • 放入我的书架
  • 预约/预借图书
  • 作者相关作品
  • 分类相关作品
  • 丛书相关作品
  • 出版社相关作品

书目信息

  • 表格格式
  • 工作单格式
  • 卡片格式
题名:
基因与疾病
    
 
作者: 生田哲 ;王俊 译
分册:  
出版信息: 上海   上海世界图书出版公司  2007
页数: 188
开本: 16cm
丛书名:
单 册:
中图分类: R394
科图分类:
主题词: 医学遗传学
电子资源:
ISBN: 7-5062-8884-2
000 00572nam0 2200193 450
001 1735846483
005 20170410095726.48
010    @a7-5062-8884-2
100    @a20170410d km y0chiy0120 ea
101 0  @achi
200 1  @a基因与疾病@Aji yin yu ji bing@f生田哲@Fsheng tian zhe@g王俊译@Gwang jun yi
210    @a上海@c上海世界图书出版公司@d2007
215    @a188@d16cm
606 0  @a医学遗传学
690    @aR394@v4
701  0 @a生田哲@Asheng tian zhe
702  0 @a王俊@Awang jun@4译
801  0 @aCN@b大连网信软件有限公司图书馆·11@c20170410
905    @b6604272@dR394@en11@f1
    
    基因与疾病/生田哲/王俊译.-上海:上海世界图书出版公司,2007
    188;16cm
    
    
    ISBN 7-5062-8884-2:
    
●
相关链接 在E读中查询图书 在五车中查询图书 在当当中查询图书 在豆瓣中查询图书


正题名:基因与疾病     索取号:R394/n11         预约/预借

序号 登录号 条形码 馆藏地/架位号 状态 备注
1 6604272   266042720   密集书库-生命科学系/ [索取号:R394/n11] 在馆    
唐山师范学院图书馆 欢迎您!
大连网信软件有限公司© 版权所有